Score 0/30 Timer 04:00
2 Plays Today
Answer % Correct
Earth
94.5%
Black
94.4%
Bruce Wayne
94.2%
Gray/Blue
93.9%
Robin
92.2%
Joker
92.2%
Blue
92.1%
Red
91.9%
Kal-El/Clark Kent
91.7%
Yellow
90.4%
Yellow
90.4%
Gotham City
90.1%
Batcave
88.5%
Krypton
85.5%
Newspaper Reporter
82%
Answer % Correct
Lois Lane
79.9%
Alfred Pennyworth
77.8%
Lex Luthor
76.6%
Wayne Enterprises
73.4%
Dark Knight/Caped Crusader
70%
Owner and CEO
67%
Metropolis
66.3%
Daily Planet
65.8%
Man of Steel/Last Son of Krypton
55.9%
Fortress of Solitude
46.3%
Jor-El
42.7%
Martha Wayne
42.2%
Jonathan and Martha Kent
39.6%
Thomas Wayne
34.9%
Lara
16.4%
Remove Ads.
Support Sporcle.
Get the best of Sporcle when you Go Orange. This ad-free experience offers more features, more stats, and more fun while also helping to support Sporcle. Thank you for becoming a member.

You're not logged in!

Compare scores with friends on all Sporcle quizzes.
OR
Log In

Show Comments

Extras

Top Quizzes Today


Score Distribution

Your Account Isn't Verified!

In order to create a playlist on Sporcle, you need to verify the email address you used during registration. Go to your Sporcle Settings to finish the process.

Report this User

Report this user for behavior that violates our Community Guidelines.

Details: